| 000 | 01380nam a22001937a 4500 | ||
|---|---|---|---|
| 999 |
_c59094 _d59094 |
||
| 003 | Ge_BSU | ||
| 005 | 20221124123729.0 | ||
| 008 | 221124s1975ge xxu||||| |||| 00| 0 geo d | ||
| 041 | _ageo | ||
| 080 | _a821.161.1-82 პ-97 | ||
| 100 |
_aპუშკინი, ალექსანდრ, ავტორი. _916035 |
||
| 245 |
_aრჩეული თხზულებანი : ლექსები, პოემები, დრამატული ნაწარმოებები, პროზა / _cალექსანდრ პუშკინი ; წინასიტყვ. შენიშვნები და კომენტარები თ. ბუაჩიძისა |
||
| 264 |
_aთბილისი : _bსაბჭოთა საქართველო, _c1975. |
||
| 300 |
_a885 გვ. : _b1 ფ. პორტრ. ; _c21 სმ. |
||
| 440 |
_aმსოფლიო ლიტერატურის ბიბლიოთეკა ტ39. 1-ლი სერია _916036 |
||
| 653 | _aრჩეული თხზულებანი : ლექსები, პოემები, დრამატული ნაწარმოებები, პროზა | ||
| 700 |
_aბუაჩიძე , თ _eწინასიტყვ. შენიშვნები და კომენტარები _916037 |
||
| 942 |
_2udc _cBK |
||